000 00333nam a2200097Ia 4500
008 220120s9999||||xx |||||||||||||| ||und||
100 _aNamitha, Shwetha, Sindhu and Smitha
_912638
245 0 _aDetection of spam zombies by monitoring outgoing messages
260 _aCoorg Institute of Technology
_bPonnampet
_c2016
650 _aMECHANICAL
999 _c138236
_d138236